| 000 | 01458nam a22002417a 4500 | ||
|---|---|---|---|
| 001 | 6920 | ||
| 003 | FISKH | ||
| 005 | 20250606153013.0 | ||
| 008 | 250606b cb ||||| |||| 00| 0 eng d | ||
| 020 | _a9789995001025 | ||
| 040 |
_aFISKH _bkhr _cFISKH _dFISKH |
||
| 082 | _a370 | ||
| 100 | _aSophat, Moung | ||
| 245 |
_aប្រវត្តិវីទ្យា ថ្នាក់ទី ១១ / _cលោក មួង សុផាត, លោក សុីវ ធួន ,លោក ដៀប សុផល និង លោកស្រី ងួន សុខកែវ |
||
| 250 | _aបោះពុម្ពឆ្នាំ២០២៣ | ||
| 260 |
_aភ្នំពេញ : _bគ្រឺះស្ថានបោះពុម្ពនិងចែកផ្សាយ , _c២០២៣ . |
||
| 300 |
_a204 pages : _billustrations ; _c25 cm . |
||
| 520 | _aសៀវភៅប្រវត្តិវិទ្យា ថ្នាក់ទី ១១ ត្រូវបានរៀបចំឡើងសម្រាប់សិស្សថ្នាក់ទី ១១ ដើម្បីអភិវឌ្ឍចំណេះដឹង និងជំនាញក្នុងការសិក្សាប្រវត្តិសាស្ត្រ។ | ||
| 520 | _a"The Grade 11 History textbook is designed for 11th-grade students to develop knowledge and skills in studying history." | ||
| 700 |
_aSatya, Chom _eIllustrator |
||
| 942 |
_2ddc _cKHB _n0 |
||
| 999 |
_c6920 _d6920 |
||